Statistiques concernant Pays avec un ou plusieurs R

Cliquez ici pour prendre le quiz!

Statistiques générales

  • Ce quiz a été pris 579 fois
    (292 depuis la dernière actualisation)
  • Le résultat moyen est 76 sur 92

Statistiques - réponses

Nombre de RPays% Correct
RAustralie
95%
RFrance
95%
RBrésil
95%
RMaroc
95%
RRussie
95%
RRoumanie
94%
RBiélorussie
93%
RPortugal
93%
RIrak
93%
RAfrique du Sud
93%
RRCorée du Nord
93%
RArgentine
92%
RCorée du Sud
92%
RIran
92%
RIrlande
92%
RNorvège
92%
RAlgérie
91%
RRoyaume-Uni
91%
RRAndorre
90%
RRRépublique démocratique du Congo
90%
RRépublique dominicaine
90%
RRépublique du Congo
90%
RParaguay
89%
RRwanda
89%
RAutriche
89%
RRépublique tchèque
89%
RCroatie
89%
RTurquie
88%
RHongrie
88%
RUruguay
88%
RREmirats Arabes Unis
88%
RArabie Saoudite
88%
RArménie
86%
RHonduras
86%
RUkraine
86%
RSerbie
86%
RIsraël
86%
RBulgarie
86%
RPérou
85%
RSri Lanka
85%
RRRRépublique centrafricaine
85%
RMadagascar
84%
RBirmanie
84%
RTurkménistan
84%
RNicaragua
84%
RMonténégro
84%
RJordanie
84%
RGrèce
84%
RBurkina Faso
84%
RMauritanie
84%
REquateur
82%
RNiger
82%
RRSierra Leone
82%
RDanemark
82%
RSaint-Marin
82%
RCosta Rica
81%
RRErythrée
81%
RNigeria
81%
RBurundi
81%
RSuriname
80%
RCameroun
80%
RChypre
79%
RIle Maurice
79%
RAzerbaïdjan
79%
RSaint-Christophe-et-Niévès
78%
RLuxembourg
78%
RGéorgie
78%
RBarbade
78%
RGuinée équatoriale
77%
RSingapour
76%
RSyrie
76%
RTrinité-et-Tobago
76%
RComores
76%
RLiberia
76%
RQatar
76%
RBahreïn
76%
RGrenade
76%
RBrunei
76%
RAntigua-et-Barbuda
75%
RNauru
75%
RRTimor Oriental
74%
RSalvador
73%
RSaint-Vincent-et-les-Grenadines
73%
RKiribati
72%
RKirghizistan
72%
RMicronésie
72%
RCap-Vert
72%
RCôte d'Ivoire
71%
RIles Marshall
70%
RBosnie-Herzégovine
68%
RSao Tomé-et-Principe
65%
RMacédoine du Nord
47%

Distribution des résultats

Percentile par nombre de réponses

% des personnes avec chaque résultat

Votre développement - résultats

Vous n’avez pas pris ce quiz depuis la dernière actualisation